Using Information Technology /

Using Information Technology, 6/e covers the fundamental computing concepts that are part of the digital age, including software, hardware, data, people, and procedures. The text centers on educating today’s technology consumer, using themes of ethics, the Internet, and communications to demonstrate...

ver descrição completa

Na minha lista:
Detalhes bibliográficos
Autor principal: K. Williams Brian
Outros Autores: C. Sawyer Stacey
Formato: Livro
Idioma:Vietnamese
Publicado em: American : McGraw -Hill , 2004
Edição:Tái bản lần thứ 6
Assuntos:
Tags: Adicionar Tag
Sem tags, seja o primeiro a adicionar uma tag!
Thư viện lưu trữ: Thư viện Trường CĐ Kỹ Thuật Cao Thắng
LEADER 01093nam a2200229 a 4500
001 TVCDKTCT8196
003 Thư viện trường Cao đẳng Kỹ thuật Cao Thắng
005 20070831000000
008 070831
980 \ \ |a Thư viện Trường CĐ Kỹ Thuật Cao Thắng 
024 |a RG_1 #1 eb0 i1 
020 # # |a 0072882905 
041 0 # |a vie 
082 # # |a 004 /   |b U500S-k 
100 1 # |a K. Williams Brian 
245 0 0 |a Using Information Technology /  |c K. Williams Brian, C. Sawyer Stacey 
250 # # |a Tái bản lần thứ 6 
260 # # |a American :  |b McGraw -Hill ,  |c 2004 
300 # # |a 304tr. ;  |c 27cm 
520 # # |a Using Information Technology, 6/e covers the fundamental computing concepts that are part of the digital age, including software, hardware, data, people, and procedures. The text centers on educating today’s technology consumer, using themes of ethics, the Internet, and communications to demonstrate how the changing world of technology influences our lives and the decisions we make. 
650 # 4 |a Computer and Communications 
700 0 # |a C. Sawyer Stacey